zpět

Detail výsledku týmu

Trojka, Brno

Datum a čas kvízu

32 Celkem bodů Celkový počet nahraných bodů na tomto kvízu bez doplňovacích otázek.
2. Pořadí na kvízu Konečné umístění týmu na tomto kvízu.

Zaznamenané odpovědi

# Otázka Odpověď Body Výsledky
1. Jak se jmenuje bývalý karlovar... Petr Kulhánek 1
2. Totální chaos, přerušenou dopr... D) balónek, který uletěl z Oktoberfestu 0
3. Která hudební legenda vystoupi... Bob Dylan 1
4. V úterý se stal novým generáln... z Nizozemska 1
5. Napište názvy dvou hokejových... Buffalo Sabres, New Jersey Devils 1
6. Který stát zcela obklopuje zem... Jihoafrická republika (JAR, Jižní Afrika) 1
7. Kaliningrad neboli Královec je... Přemysla Otakara II. 1
8. V Pásmu Gazy, jež je v podstat... A 0
9. V roce 2015 během jediného dne... Indie a Bangladéš 0.5
10. Jak se jmenují dvě španělská m... Ceuta a Melilla 1